|
|
|
|
| LEADER |
01218nam a22003012a 4500 |
| 001 |
000778360 |
| 003 |
CZ BrMZK |
| 005 |
20200114111600.0 |
| 007 |
ta |
| 008 |
050610s1973 xr er|||||||||||cze d |
| 015 |
|
|
|a cnb000153024
|
| 035 |
|
|
|a (OCoLC)42115114
|
| 040 |
|
|
|a BOA001
|b cze
|
| 100 |
1 |
|
|a Pflegerová, H.
|7 jk01092946
|4 aut
|
| 245 |
1 |
0 |
|a Vybrané výšky hor světa /
|c zprac. Hana Pflegerová a E. Vajdlová
|
| 250 |
|
|
|a 1. vyd.
|
| 260 |
|
|
|a Praha :
|b Kartografie,
|c 1973
|
| 300 |
|
|
|a 32 s.
|
| 490 |
1 |
|
|a Seznamy informací Oborového informačního střediska pro kartografii ;
|v 4
|
| 504 |
|
|
|a Obsahuje bibliografii
|
| 700 |
1 |
|
|a Vajdlová, Eva
|7 jk01141166
|4 aut
|
| 830 |
|
0 |
|a Seznamy informací Oborového informačního střediska pro kartografii
|
| 856 |
4 |
1 |
|u http://www.digitalniknihovna.cz/mzk/uuid/uuid:1b4decc0-47b2-11e4-8113-005056827e52
|y Digitalizovaný dokument
|x NDK
|
| 910 |
|
|
|a BOA001
|b PK-N-0016.405
|b X2-0720.504
|
| 964 |
|
|
|a Hory světové - výšky - seznamy
|
| 990 |
|
|
|a BK
|
| 996 |
6 |
|
|b 2618834153
|c X2-0720.504
|l MZK
|r Sklad / do 24 hodin
|n 0
|w 000778360
|u 000020
|a 1
|e BOA001
|j MZK50
|s P
|
| 996 |
6 |
|
|b BC-1543534
|c PK-N-0016.405
|l MZK
|r Sklad / do 1 hodiny
|n 0
|w 000778360
|u 000010
|a 1
|e BOA001
|j MZK50
|s P
|